| 000 | 01028nam a2200205Ia 4500 | ||
|---|---|---|---|
| 003 | Ost | ||
| 005 | 20260507074909.0 | ||
| 008 | 260507s9999||||xx |||||||||||||| ||und|| | ||
| 040 | _cfsecg | ||
| 041 | _aara | ||
| 082 | _a657 | ||
| 100 |
_aلطفي، أمين السيد أحمد _eمؤلف |
||
| 245 | 0 |
_aالمراجعة البيئية / _c أمين السيد أحمد لطفي |
|
| 260 |
_aالإسكندرية: _bالدار الجامعية للنشر, _c2005 |
||
| 300 |
_a264 صفحة؛ _bإيضاحات ؛ _c24 سم |
||
| 520 | _aالمحاسبة عن الأداء الإجتماعية والبيئي، المراجعة الإجتماعية، طبيعة وتطوير المراجعات والتقرير البيئي، أهداف وعمليات ونتائج المراجعات البيئية الداخلية والخارجية، ملائمة القضايا البيئية لمراجعات القوائم المالية الخارجية | ||
| 653 | _aالبيئة | ||
| 653 | _aالمراجعة | ||
| 942 | _cكتاب | ||
| 999 |
_c41727 _d41727 |
||